书目信息 |
| 题名: |
世界语读本
|
|
| 作者: | 李威伦 编 | |
| 分册: | ||
| 出版信息: | 北京 知识出版社 1983.10 |
|
| 页数: | 93页 | |
| 开本: | 19cm | |
| 丛书名: | ||
| 单 册: | ||
| 中图分类: | H91 | |
| 科图分类: | ||
| 主题词: | 世界语 | |
| 电子资源: | ||
| ISBN: | ||
| 000 | 00519nam0 2200205 45 | |
| 001 | 0405091775 | |
| 005 | 20040509175047.8 | |
| 010 | @dCNY1.15 | |
| 091 | @a9214.19 | |
| 100 | @a20040509d1983 km y0chiy0120 ea | |
| 101 | 0 | @achi |
| 105 | @a z 000yy | |
| 200 | 1 | @a世界语读本@AShi Jie Yu Du Ben@f李威伦编@FLi Wei Lun Bian |
| 210 | @a北京@c知识出版社@d1983.10 | |
| 215 | @a93页@d19cm | |
| 606 | 0 | @a世界语 |
| 690 | @aH91@v3 | |
| 701 | 0 | @a李威伦@4编 |
| 801 | @aCN@bTSTCL@c20040509 | |
| 905 | @f4@b161120-123@dH91@e17 | |
| 世界语读本/李威伦编.-北京:知识出版社,1983.10 |
| 93页;19cm |
| ISBN :CNY1.15 |
| ● |
| 相关链接 |
|
|
|
|
正题名:世界语读本
索取号:H91/17
 
预约/预借
| 序号 | 登录号 | 条形码 | 馆藏地/架位号 | 状态 | 备注 |
| 1 | 0161120 | 001167221 | 第四借阅区/ [索取号:H91/17] | 在馆 | |
| 2 | 0161121 | 001167196 | 第四借阅区/ [索取号:H91/17] | 在馆 | |
| 3 | 0161122 | 001167203 | 第四借阅区/ [索取号:H91/17] | 在馆 | |
| 4 | 0161123 | 001167187 | 第四借阅区/ [索取号:H91/17] | 在馆 | |
| 5 | 0161124 | 001167212 | 第二样本阅览室/ [索取号:H91/17] | 在馆 |